Skull Bones - Statistics

General Stats
  • This quiz has been taken 362 times
  • The average score is 11 of 14
Answer Stats
Hint Answer % Correct
x1 Frontal
97%
x1 mandible
94%
x2 temporal
92%
x1 occipital
91%
x2 maxilla
89%
x2 Parietal
87%
x2 nasal
86%
x2 zygomatic
84%
x1 sphenoid
80%
x1 ethmoid
74%
x2 lacrimal
60%
x1 vomer
57%
x2 palatine
44%
x2 inferior nasal concha
29%
No matching quizzes found
Score Distribution
Percent of People with Each Score
Percentile by Number Answered
Your Score History
You have not taken this quiz